000 00418nab a2200145Ia 4500
003 ES-SlBCS
005 20210601131744.0
008 140529s1929 xxu||||| |||| 00| 0 fre d
041 _afre
100 1 _aMaxence, Jean-Pierre
_9188622
245 0 0 _aDeux itinéraires
_c Jean-Pierre Maxence
650 0 4 _aLiteratura
_91830
773 0 _tVie Intelectuelle (La)
_gvol. 2, nº. 8, 1929, págs. 928-934
_wRev907
942 _cAR
999 _c568248
_d568248